[Event "2.BLW 1617 SV Mülheim Nord - Aachener S"]
[Site "?"]
[Date "2017.04.23"]
[Round "8.1"]
[White "Seel, Christian"]
[Black "Zwirs, Nico"]
[Result "1/2-1/2"]
[WhiteElo "2469"]
[BlackElo "2409"]
[PlyCount "78"]
[EventDate "2017.??.??"]

1. Nf3 Nf6 2. g3 g6 3. b3 Bg7 4. Bb2 O-O 5. Bg2 d5 6. c4 c6 7. O-O a5 8. Nc3
Ne4 9. cxd5 cxd5 10. Qc1 Nxc3 11. dxc3 a4 12. Rd1 Qa5 13. b4 Qa6 14. Rxd5 a3
15. Ra5 Qxe2 16. Rxa3 Rxa3 17. Bxa3 Nc6 18. Ne1 Rd8 19. Bf1 Qe5 20. b5 Qxc3 21.
Rb1 Bf5 22. Qxc3 Bxc3 23. Rc1 Bb4 24. Bxb4 Nxb4 25. a3 Na2 26. Rc7 Rd7 27. b6
Rd1 28. Rxe7 Rb1 29. Bc4 Be6 30. Bxe6 Rxe1+ 31. Kg2 Rxe6 32. Rxb7 Kg7 33. a4
Nb4 34. a5 Re5 35. Ra7 Nc6 36. Rc7 Nxa5 37. b7 Rb5 38. Rc5 Rxb7 39. Rxa5 Rb2
1/2-1/2

[Event "2.BLW 1617 SV Mülheim Nord - Aachener S"]
[Site "?"]
[Date "2017.04.23"]
[Round "8.2"]
[White "Rezasade, Amir"]
[Black "Koch, Thomas"]
[Result "1/2-1/2"]
[WhiteElo "2339"]
[BlackElo "2479"]
[PlyCount "80"]
[EventDate "2017.??.??"]

1. e4 c5 2. Nf3 d6 3. d4 cxd4 4. Nxd4 Nf6 5. Nc3 a6 6. h3 e6 7. g4 d5 8. exd5
Nxd5 9. Nde2 Bb4 10. Bg2 O-O 11. O-O Nxc3 12. Nxc3 Qc7 13. Qd4 Qe7 14. Ne4 Nc6
15. Qc4 Na5 16. Qe2 Qc7 17. b3 Bd7 18. Bb2 f6 19. Rfd1 Rad8 20. a3 Be7 21. Ng3
Nc6 22. b4 a5 23. b5 Ne5 24. Bxe5 fxe5 25. Ne4 b6 26. a4 Bc8 27. Rxd8 Rxd8 28.
Rd1 Rd4 29. Rxd4 exd4 30. Qd3 Qe5 31. Qc4 Bd7 32. c3 dxc3 33. Qxc3 Qxc3 34.
Nxc3 Bb4 35. Bc6 Bc8 36. Ne4 Kf8 37. Kf1 Ke7 38. Ke2 e5 39. Bd5 Bd7 40. Kd3 h6
1/2-1/2

[Event "2.BLW 1617 SV Mülheim Nord - Aachener S"]
[Site "?"]
[Date "2017.04.23"]
[Round "8.3"]
[White "Vandenbussche, Thibaut"]
[Black "Buckels, Valentin"]
[Result "1/2-1/2"]
[WhiteElo "2385"]
[BlackElo "2309"]
[PlyCount "178"]
[EventDate "2017.??.??"]

1. e4 e5 2. Nf3 Nc6 3. Nc3 Nf6 4. Bb5 Bb4 5. O-O O-O 6. d3 d6 7. Ne2 Bc5 8. c3
Bb6 9. Ng3 h6 10. h3 Re8 11. Re1 Bd7 12. a4 a6 13. Bc4 Be6 14. Bxe6 Rxe6 15. b4
d5 16. Rb1 Qd7 17. Bb2 Rd8 18. exd5 Qxd5 19. c4 Qxd3 20. Qxd3 Rxd3 21. c5 Ba7
22. b5 axb5 23. axb5 Ne7 24. b6 cxb6 25. Bxe5 Nd7 26. Bd6 Nc6 27. cxb6 Bxb6 28.
Rxe6 fxe6 29. Ne4 Rd5 30. Kf1 Na5 31. Bb4 Nc4 32. Bc3 Nd6 33. Nxd6 Rxd6 34. Ne5
Nxe5 35. Bxe5 Rc6 36. f4 Bc7 37. Rxb7 Bxe5 38. fxe5 Rc5 39. Kf2 Rxe5 40. Kf3
Kh7 41. Ra7 Kg6 42. Re7 Kf6 43. Ra7 Rf5+ 44. Ke3 g6 45. Ra6 Rb5 46. Ra8 h5 47.
Re8 Rf5 48. Ke2 Rf4 49. Ke3 Ra4 50. Kf3 Ra3+ 51. Kf2 Ra7 52. Kf3 Re7 53. Rf8+
Rf7 54. Re8 Kg5+ 55. Ke3 Rf6 56. g3 Kf5 57. Ra8 Rf7 58. Ra5+ e5 59. Ra8 Rb7 60.
Rf8+ Kg5 61. Kf3 Rb3+ 62. Kf2 Ra3 63. Rf7 e4 64. Rf4 Ra2+ 65. Ke3 Rg2 66. h4+
Kh6 67. Rxe4 Rxg3+ 68. Kf2 Ra3 69. Kg2 Kg7 70. Re6 Kf7 71. Rb6 Re3 72. Ra6 Re6
73. Ra5 Kf6 74. Kg3 Re5 75. Ra3 Re4 76. Ra6+ Kf5 77. Ra5+ Re5 78. Ra3 Rb5 79.
Rf3+ Ke6 80. Ra3 Ke5 81. Re3+ Kf5 82. Ra3 Rb4 83. Ra6 Rg4+ 84. Kh3 Ke5 85. Ra5+
Ke4 86. Ra4+ Kf3 87. Ra3+ Kf2 88. Ra2+ Kg1 89. Rg2+ Rxg2 1/2-1/2

[Event "2.BLW 1617 SV Mülheim Nord - Aachener S"]
[Site "?"]
[Date "2017.04.23"]
[Round "8.4"]
[White "Kahleys, Kevin"]
[Black "Piceu, Tom"]
[Result "1/2-1/2"]
[WhiteElo "2204"]
[BlackElo "2357"]
[PlyCount "180"]
[EventDate "2017.??.??"]

1. d4 Nf6 2. Nf3 c5 3. c3 e6 4. Bf4 Nc6 5. e3 d5 6. Nbd2 Be7 7. h3 O-O 8. Be2
b6 9. O-O Bb7 10. Qa4 Bd6 11. Ne5 Bxe5 12. Bxe5 Nxe5 13. dxe5 Nd7 14. f4 a6 15.
Qc2 b5 16. Nf3 Qe7 17. Ng5 g6 18. Nf3 Kg7 19. b3 Bc6 20. a3 f6 21. exf6+ Qxf6
22. b4 e5 23. fxe5 Nxe5 24. bxc5 Nxf3+ 25. Bxf3 Qe7 26. Qd2 Qxc5 27. Qd4+ Qxd4
28. cxd4 Bb7 29. Rfc1 Rac8 30. Rab1 Kf6 31. Kf2 Ke7 32. Ke1 Kd6 33. Kd2 Rxc1
34. Rxc1 Bc6 35. Kc3 a5 36. Kb3 Rf7 37. Rc5 g5 38. Rc1 Re7 39. Rc3 b4 40. axb4
Rb7 41. Rc5 Rxb4+ 42. Ka3 Rb5 43. Rc1 a4 44. Bd1 Rb7 45. Bxa4 Bxa4 46. Kxa4 Rb2
47. Rc8 Rxg2 48. Rh8 Rg3 49. Rxh7 Rxe3 50. Rh6+ Ke7 51. Kb4 g4 52. hxg4 Re4 53.
Kc5 Rxg4 54. Kxd5 Kd7 55. Rh7+ Kd8 56. Ra7 Rg6 57. Ke5 Rh6 58. Rg7 Ra6 59. Rg8+
Kd7 60. Rb8 Rh6 61. Rb7+ Kd8 62. Kd5 Rh5+ 63. Kc6 Rh6+ 64. Kc5 Rh5+ 65. d5 Rh6
66. Rg7 Rf6 67. Kb5 Rd6 68. Rg8+ Kd7 69. Rg5 Rh6 70. Kc5 Rf6 71. Rg1 Rh6 72.
Rb1 Rg6 73. Rb7+ Kd8 74. Rb4 Kd7 75. Ra4 Rh6 76. Ra7+ Kd8 77. Kd4 Rh4+ 78. Ke5
Rh5+ 79. Kd6 Rh6+ 80. Kc5 Rg6 81. Rh7 Rf6 82. Kb5 Rg6 83. Rh2 Kd7 84. Rc2 Rg8
85. Rc6 Rg1 86. Rc3 Kd6 87. Rd3 Rc1 88. Kb4 Rc8 89. Rc3 Rxc3 90. Kxc3 Kxd5
1/2-1/2

[Event "2.BLW 1617 SV Mülheim Nord - Aachener S"]
[Site "?"]
[Date "2017.04.23"]
[Round "8.6"]
[White "van Osch, Mees"]
[Black "Sonntag, Hans-Hubert"]
[Result "0-1"]
[WhiteElo "2316"]
[BlackElo "2346"]
[PlyCount "130"]
[EventDate "2017.??.??"]

1. e4 e5 2. Nf3 Nc6 3. Nc3 Nf6 4. d4 Bb4 5. Nxe5 Qe7 6. Nxc6 Qxe4+ 7. Be2 Bxc3+
8. bxc3 Qxc6 9. O-O O-O 10. Rb1 a6 11. c4 d5 12. cxd5 Nxd5 13. Bf3 Bf5 14. Ba3
Rfe8 15. c4 Qxc4 16. Qb3 Qxb3 17. Rxb3 Be4 18. Rxb7 Bxf3 19. gxf3 Re2 20. Rfb1
f6 21. R7b2 Nc3 22. Rb8+ Rxb8 23. Rxb8+ Kf7 24. Rd8 Rxa2 25. Bc5 Ne2+ 26. Kg2
g5 27. d5 Nf4+ 28. Kg3 Rc2 29. Be3 Ke7 30. Ra8 Nxd5 31. Rxa6 Rc3 32. Bd2 Rd3
33. Bc1 h5 34. h3 Kf7 35. Ra8 Kg6 36. Re8 Kf5 37. Be3 h4+ 38. Kg2 c5 39. Rc8 c4
40. Kf1 Nxe3+ 41. fxe3 Rxe3 42. Rxc4 Rxf3+ 43. Kg2 Rg3+ 44. Kh2 Re3 45. Rc1
Re2+ 46. Kg1 Kf4 47. Rc4+ Kf3 48. Rc5 Re5 49. Rc1 f5 50. Kh2 Re2+ 51. Kh1 g4
52. Rc3+ Re3 53. Rc1 Kg3 54. hxg4 fxg4 55. Rf1 h3 56. Kg1 Re4 57. Ra1 Kh4 58.
Ra8 Rf4 59. Ra1 g3 60. Ra2 g2 61. Kh2 Rf1 62. Ra4+ Kg5 63. Rg4+ Kf5 64. Kxh3
g1=Q 65. Rg5+ Qxg5 0-1

[Event "2.BLW 1617 SV Mülheim Nord - Aachener S"]
[Site "?"]
[Date "2017.04.23"]
[Round "8.7"]
[White "Klein, Felix"]
[Black "Bus, Tom"]
[Result "1-0"]
[WhiteElo "2290"]
[BlackElo "2194"]
[PlyCount "125"]
[EventDate "2017.??.??"]

1. e4 c5 2. Nf3 Nc6 3. d4 cxd4 4. Nxd4 Nf6 5. Nc3 d6 6. Bg5 e6 7. Qd2 a6 8.
O-O-O Bd7 9. Kb1 Be7 10. f3 O-O 11. h4 h6 12. Be3 h5 13. Bg5 Ne5 14. g4 hxg4
15. f4 Nc6 16. Nde2 Qa5 17. Ng3 b5 18. Bxf6 Bxf6 19. e5 dxe5 20. Qxd7 Rad8 21.
Qxc6 b4 22. Nd5 Rxd5 23. Rxd5 Qxd5 24. Qxd5 exd5 25. f5 a5 26. Be2 e4 27. Bxg4
Be5 28. Ne2 Rd8 29. Re1 Rd6 30. h5 Kh7 31. c3 Kh6 32. Nd4 bxc3 33. bxc3 Bxd4
34. cxd4 Rb6+ 35. Kc2 Rb4 36. Rd1 Kg5 37. Be2 Kxf5 38. a3 Rb6 39. Rf1+ Ke6 40.
Bg4+ Ke7 41. Rf5 Rd6 42. Kb3 g6 43. Re5+ Kf8 44. hxg6 Rxg6 45. Bh5 Rd6 46. Ka4
f6 47. Rf5 Ke7 48. Kxa5 Rd8 49. Kb5 Ke6 50. Bg4 Rb8+ 51. Kc5 Rc8+ 52. Kb6 Ra8
53. Kb5 Rb8+ 54. Ka4 Ra8+ 55. Kb3 Rb8+ 56. Ka2 Rb5 57. Re5+ Kf7 58. Be6+ Kg6
59. Rxd5 Rxd5 60. Bxd5 Kf5 61. Kb3 Kf4 62. Kc3 Ke3 63. a4 1-0

[Event "2.BLW 1617 SV Mülheim Nord - Aachener S"]
[Site "?"]
[Date "2017.04.23"]
[Round "8.8"]
[White "Nachbar, Benjamin"]
[Black "Lamby, Philipp"]
[Result "0-1"]
[WhiteElo "2127"]
[BlackElo "2201"]
[PlyCount "108"]
[EventDate "2017.??.??"]

1. c4 e5 2. Nc3 Bb4 3. Qc2 Nf6 4. a3 Bxc3 5. Qxc3 Nc6 6. Nf3 Qe7 7. d3 d5 8.
cxd5 Nxd5 9. Qc2 Bg4 10. e3 Bxf3 11. gxf3 f5 12. Bd2 Qh4 13. Qc4 Qxc4 14. dxc4
Nf6 15. Bc3 O-O-O 16. Rg1 g6 17. Be2 Rhe8 18. Rd1 Rxd1+ 19. Bxd1 Nd7 20. b4 Nb6
21. Be2 Na4 22. Ba1 a5 23. Bd1 Nb6 24. c5 Nd7 25. Bc3 axb4 26. axb4 Nf6 27. Bd2
e4 28. f4 Nd5 29. b5 Ncb4 30. Bb3 Nd3+ 31. Ke2 c6 32. bxc6 bxc6 33. Ra1 Nc7 34.
Ra5 Kb7 35. Bc4 Rd8 36. Bc3 Nb5 37. Bxb5 cxb5 38. Rxb5+ Kc6 39. Rb6+ Kxc5 40.
Rb7 h5 41. Bd4+ Kc4 42. f3 Nxf4+ 43. Kf2 Nd3+ 44. Kg3 f4+ 45. Kh3 exf3 46. Bb6
f2 47. Kg2 f3+ 48. Kf1 Ra8 49. Ba7 g5 50. Rc7+ Kb3 51. Bd4 Kb4 52. Ba7 g4 53.
e4 h4 54. Rb7+ Kc3 0-1

[Event "2.BLW 1617 SG Solingen - Düsseldorfer S"]
[Site "?"]
[Date "2017.04.23"]
[Round "8.2"]
[White "Wegerle, Joerg"]
[Black "Kohlweyer, Bernd"]
[Result "1-0"]
[WhiteElo "2439"]
[BlackElo "2334"]
[PlyCount "115"]
[EventDate "2017.??.??"]

1. d4 Nf6 2. Bg5 e6 3. e4 h6 4. Bxf6 Qxf6 5. c3 e5 6. Bc4 Nc6 7. Ne2 b5 8. Bd5
b4 9. O-O Ba6 10. Re1 Rb8 11. Nd2 bxc3 12. bxc3 Be7 13. Nf3 exd4 14. Nexd4 Ne5
15. Nxe5 Qxe5 16. Qa4 Rb6 17. Rab1 Bc8 18. Qxa7 Rxb1 19. Rxb1 O-O 20. Nf5 Bf6
21. Qd4 Qxf5 22. exf5 Bxd4 23. cxd4 Ba6 24. g4 c6 25. Bf3 Ra8 26. a4 Bc4 27.
Rb4 d5 28. Kg2 Kf8 29. Bd1 Ra7 30. Rb6 Rc7 31. Kf3 Ke7 32. a5 Bb5 33. Be2 Bxe2+
34. Kxe2 Kd6 35. Rb2 Ra7 36. Ra2 f6 37. Kd3 Kc7 38. Kc3 Ra8 39. h4 Re8 40. h5
Kb7 41. a6+ Ka7 42. Kb4 Re4 43. Kc5 Rxg4 44. Rb2 Rg5 45. Kxc6 Rxf5 46. Re2 Rxh5
47. Kb5 Rh1 48. Re7+ Kb8 49. Rxg7 Rb1+ 50. Kc5 Ra1 51. Kb6 Rb1+ 52. Kc5 Ra1 53.
Rb7+ Kc8 54. Rb6 Ra5+ 55. Kb4 Ra2 56. Rxf6 Kc7 57. Kb5 h5 58. f4 1-0

[Event "2.BLW 1617 SG Solingen - Düsseldorfer S"]
[Site "?"]
[Date "2017.04.23"]
[Round "8.3"]
[White "Schuh, Dirk"]
[Black "Schroeder, Kevin"]
[Result "1/2-1/2"]
[WhiteElo "2379"]
[BlackElo "2347"]
[PlyCount "75"]
[EventDate "2017.??.??"]

1. e4 e5 2. Nf3 Nc6 3. Bc4 Bc5 4. c3 Nf6 5. d4 exd4 6. cxd4 Bb4+ 7. Nbd2 O-O 8.
O-O Bxd2 9. Bxd2 Nxe4 10. d5 Ne7 11. Bc1 d6 12. Re1 Nf6 13. Bg5 Ng6 14. Qd4 h6
15. Bxf6 Qxf6 16. Qxf6 gxf6 17. Bb5 a6 18. Ba4 Ne5 19. Nxe5 fxe5 20. Rac1 b5
21. Bb3 Ra7 22. Rc3 Bf5 23. Rec1 Rc8 24. f4 exf4 25. Rf1 Re8 26. Rxf4 Bg6 27.
Bc2 Kg7 28. Rg3 Re5 29. h4 h5 30. Bxg6 fxg6 31. Rgf3 Rxd5 32. Rf7+ Kh6 33. Rd7
Rf5 34. Re3 Re5 35. Rf3 Rf5 36. Re3 Re5 37. Rf3 Rf5 38. Re3 1/2-1/2

[Event "2.BLW 1617 SG Solingen - Düsseldorfer S"]
[Site "?"]
[Date "2017.04.23"]
[Round "8.4"]
[White "Schaefer, Markus"]
[Black "Stark, Lars"]
[Result "1-0"]
[WhiteElo "2403"]
[BlackElo "2401"]
[PlyCount "147"]
[EventDate "2017.??.??"]

1. e4 d5 2. exd5 Qxd5 3. Nf3 Nf6 4. d4 Bf5 5. Be2 e6 6. O-O c6 7. c4 Qd8 8. Nc3
h6 9. Bf4 Be7 10. Qb3 Qc8 11. d5 O-O 12. Nd4 exd5 13. cxd5 cxd5 14. Nxd5 Nxd5
15. Qxd5 Bd7 16. Qe4 Bg5 17. Bd3 g6 18. Bxg5 hxg5 19. Qd5 Nc6 20. Nxc6 Bxc6 21.
Qxg5 Qd8 22. Qxd8 Rfxd8 23. Rad1 Rd4 24. Be2 Rb4 25. Rd2 Re8 26. f3 Kg7 27. Rc1
Re7 28. Rc3 a5 29. b3 a4 30. Rc4 Rxc4 31. Bxc4 Re1+ 32. Kf2 Rb1 33. Ke3 g5 34.
Kd4 axb3 35. Bxb3 Rh1 36. h3 Kg6 37. Ke3 f6 38. Rd1 Rxd1 39. Bxd1 Kf5 40. g3
Bd5 41. Bc2+ Ke5 42. Bb3 Bc6 43. f4+ Kd6 44. Kd4 b6 45. fxg5 fxg5 46. h4 gxh4
47. gxh4 Bf3 48. Ke3 Bh5 49. Kf4 Ke7 50. Kg5 Be2 51. Bc2 Bc4 52. a3 Kf7 53. h5
Kg7 54. Bg6 Bb5 55. Kf5 Kh6 56. Ke5 Ba4 57. Kd6 Kg7 58. Kc7 Bd1 59. Kxb6 Kf6
60. Be8 Ke7 61. h6 Kf6 62. h7 Kg7 63. Bg6 Kh8 64. Kb5 Kg7 65. Kb4 Kh8 66. Kc3
Ba4 67. Bc2 Bd7 68. Kb4 Kg7 69. Bd3 Bc6 70. Bb5 Be4 71. a4 Kxh7 72. Kc5 Kg7 73.
a5 Kf6 74. a6 1-0

[Event "2.BLW 1617 SG Solingen - Düsseldorfer S"]
[Site "?"]
[Date "2017.04.23"]
[Round "8.5"]
[White "de Gleria, Francesco"]
[Black "Schlecht, Daniel"]
[Result "1/2-1/2"]
[WhiteElo "2375"]
[BlackElo "2366"]
[PlyCount "26"]
[EventDate "2017.??.??"]

1. e4 c6 2. d4 d5 3. e5 Bf5 4. Nf3 e6 5. Be2 Ne7 6. O-O Bg6 7. Nbd2 c5 8. c4
cxd4 9. Nxd4 Nec6 10. Qa4 Be7 11. cxd5 Qxd5 12. Nb5 O-O 13. Nc4 Na6 {(=)}
1/2-1/2

[Event "2.BLW 1617 SG Solingen - Düsseldorfer S"]
[Site "?"]
[Date "2017.04.23"]
[Round "8.6"]
[White "Hobusch, Jan"]
[Black "Coenen, Michael"]
[Result "0-1"]
[WhiteElo "2195"]
[BlackElo "2375"]
[PlyCount "60"]
[EventDate "2017.??.??"]

1. b3 Nf6 2. Bb2 e6 3. e3 d5 4. Nf3 Be7 5. Be2 O-O 6. O-O b6 7. c4 Bb7 8. d4
Ne4 9. Nbd2 f5 10. Ne5 Nd7 11. Nxd7 Qxd7 12. Nxe4 fxe4 13. f3 exf3 14. Bxf3 Bd6
15. Qc2 Qe7 16. Rae1 Rf7 17. g3 Qg5 18. Kg2 Raf8 19. Bc1 Rf6 20. Qe2 Qg6 21.
Kg1 h5 22. Qg2 R8f7 23. Bd1 Rxf1+ 24. Rxf1 Rxf1+ 25. Kxf1 Ba6 26. Qe2 dxc4 27.
Bc2 Qxc2 28. Qxc2 cxb3+ 29. Qe2 Bxe2+ 30. Kxe2 bxa2 0-1

[Event "2.BLW 1617 SG Solingen - Düsseldorfer S"]
[Site "?"]
[Date "2017.04.23"]
[Round "8.7"]
[White "Miedema, David"]
[Black "Michalczak, Thomas"]
[Result "1-0"]
[WhiteElo "2353"]
[BlackElo "2257"]
[PlyCount "105"]
[EventDate "2017.??.??"]

1. d4 Nf6 2. c4 g6 3. Nc3 Bg7 4. e4 O-O 5. Be3 d6 6. f3 Nc6 7. Nge2 a6 8. Qd2
Rb8 9. Nc1 e5 10. d5 Nd4 11. Nb3 c5 12. dxc6 bxc6 13. Nxd4 exd4 14. Bxd4 d5 15.
cxd5 cxd5 16. e5 Nd7 17. f4 f6 18. e6 Re8 19. f5 Ne5 20. Ba7 Ra8 21. Bc5 Qc7
22. Qd4 Nd7 23. Ba3 gxf5 24. O-O-O Rxe6 25. Qxd5 Nb6 26. Qd8+ Qxd8 27. Rxd8+
Kf7 28. Be2 Bh6+ 29. Kc2 Kg6 30. Rhd1 Bb7 31. Rxa8 Nxa8 32. Bc4 Re5 33. Bd6 Re8
34. Bc5 Rc8 35. b4 a5 36. Be6 Re8 37. Bd7 Re5 38. Bd6 axb4 39. Bxe5 fxe5 40.
Rd6+ Kg5 41. h4+ Kxh4 42. Rxh6+ Kg5 43. Rxh7 bxc3 44. Bxf5 Bxg2 45. Rg7+ Kxf5
46. Rxg2 Nb6 47. Kxc3 Nd5+ 48. Kd2 e4 49. a4 e3+ 50. Ke1 Ke5 51. a5 Kd6 52. a6
Kc6 53. Rb2 1-0

[Event "2.BLW 1617 SG Solingen - Düsseldorfer S"]
[Site "?"]
[Date "2017.04.23"]
[Round "8.8"]
[White "Berg, Michael"]
[Black "Harff, Marcel"]
[Result "0-1"]
[WhiteElo "2329"]
[BlackElo "2351"]
[PlyCount "66"]
[EventDate "2017.??.??"]

1. d4 d5 2. c4 c6 3. Nf3 Nf6 4. Qb3 dxc4 5. Qxc4 Bf5 6. g3 Nbd7 7. Bg2 e6 8.
O-O Rc8 9. e3 Be7 10. Qe2 h6 11. Nc3 O-O 12. e4 Bh7 13. Rd1 b5 14. a3 a5 15.
Ne5 Nxe5 16. dxe5 Nd7 17. Be3 Qc7 18. Rac1 Qb7 19. f4 Nb6 20. f5 Nc4 21. Bf4
exf5 22. exf5 Qb6+ 23. Kh1 Bxf5 24. Ne4 Rfe8 25. g4 Bxe4 26. Bxe4 Bg5 27. Bxg5
hxg5 28. Rxc4 bxc4 29. Bf5 Rcd8 30. Bd7 Re7 31. e6 fxe6 32. Bxe6+ Kh8 33. Re1
Rde8 0-1

[Event "2.BLW 1617 Hansa Dortmund - SV Würselen"]
[Site "?"]
[Date "2017.04.23"]
[Round "8.1"]
[White "Chatalbashev, Boris"]
[Black "Mainka, Romuald"]
[Result "0-1"]
[WhiteElo "2546"]
[BlackElo "2406"]
[PlyCount "108"]
[EventDate "2017.??.??"]

1. d4 d5 2. c4 e6 3. Nc3 a6 4. cxd5 exd5 5. Nf3 Nf6 6. Bg5 Be6 7. e3 Nbd7 8.
Bd3 Bd6 9. O-O c6 10. Qc2 Qc7 11. Bh4 h6 12. Rab1 O-O 13. b4 Rfe8 14. a4 Bg4
15. Bg3 Bxf3 16. gxf3 Bxg3 17. hxg3 a5 18. b5 c5 19. b6 Qd8 20. dxc5 Nxc5 21.
Rfd1 Rc8 22. Bb5 Re6 23. Qf5 Rd6 24. e4 g6 25. Qh3 Ne6 26. e5 Ng5 27. Qxh6
Nxf3+ 28. Kg2 Nxe5 29. Ne2 Nfg4 30. Qh3 Qf6 31. f4 Ne3+ 32. Kg1 N5g4 33. Rd3
Rc2 34. Rxe3 Nxe3 35. Kf2 Qd4 36. Rh1 Nf5+ 37. Kf1 Qg7 38. Bd3 Rd2 39. g4 Rd1+
40. Kf2 Rxh1 41. Qxh1 Nd4 42. Nc3 Ne6 43. Nb5 Rd8 44. Qc1 Qf8 45. f5 Nc5 46.
Bb1 Qe7 47. Kf3 Ne4 48. Nc7 Qh4 49. Nxd5 Ng5+ 50. Kf4 Nh3+ 51. Ke5 Qg3+ 52. Kd4
Qxg4+ 53. Kc5 Rc8+ 54. Nc7 Qb4+ 0-1

[Event "2.BLW 1617 Hansa Dortmund - SV Würselen"]
[Site "?"]
[Date "2017.04.23"]
[Round "8.2"]
[White "Wegener, Olaf"]
[Black "Fridman, Rafael"]
[Result "1/2-1/2"]
[WhiteElo "2437"]
[BlackElo "2464"]
[PlyCount "35"]
[EventDate "2017.??.??"]

1. e4 e5 2. Nf3 d6 3. d4 exd4 4. Nxd4 Nf6 5. Nc3 Be7 6. Bf4 O-O 7. Qd2 Nc6 8.
O-O-O Nxd4 9. Qxd4 Be6 10. f3 Nd7 11. Kb1 Bg5 12. Bg3 Bf6 13. Qe3 Re8 14. f4
Nb6 15. Qf3 Qc8 16. h3 Bd7 17. Nd5 Nxd5 18. Bh4 1/2-1/2

[Event "2.BLW 1617 Hansa Dortmund - SV Würselen"]
[Site "?"]
[Date "2017.04.23"]
[Round "8.3"]
[White "Geiernaert, Steven"]
[Black "Kalka, Arkadius Georg"]
[Result "1/2-1/2"]
[WhiteElo "2466"]
[BlackElo "2328"]
[PlyCount "99"]
[EventDate "2017.??.??"]

1. d4 Nf6 2. c4 e6 3. Nc3 Bb4 4. e3 b6 5. Nge2 Ba6 6. Ng3 c5 7. Bd2 d5 8. a3
Bxc3 9. Bxc3 dxc4 10. dxc5 Qxd1+ 11. Rxd1 b5 12. Be2 Bb7 13. Nh5 Nxh5 14. Bxh5
Ke7 15. Bf3 Bxf3 16. gxf3 Rc8 17. Bxg7 Rxc5 18. Rg1 Nc6 19. f4 a5 20. Rg5 Rxg5
21. fxg5 Rc8 22. Bf6+ Ke8 23. Rd6 b4 24. a4 Ne7 25. e4 Nc6 26. Kd2 e5 27. Kc1
c3 28. bxc3 bxc3 29. Rd5 Nb4 30. Rxe5+ Kd7 31. Re7+ Kd6 32. Rxf7 Nd3+ 33. Kc2
Ne1+ 34. Kb3 c2 35. Bb2 Nd3 36. e5+ Ke6 37. Rf6+ Ke7 38. Ba3+ Nb4 39. f4 c1=Q
40. Bxc1 Rxc1 41. f5 Rc5 42. e6 Nc6 43. Rf7+ Ke8 44. f6 Nd4+ 45. Kb2 Nxe6 46.
Re7+ Kf8 47. Rxe6 Rxg5 48. Ra6 Rh5 49. Kb3 Kf7 50. Kc3 {(=)} 1/2-1/2

[Event "2.BLW 1617 Hansa Dortmund - SV Würselen"]
[Site "?"]
[Date "2017.04.23"]
[Round "8.4"]
[White "Ackermann, Hans Werner"]
[Black "Klyuner, Vyacheslav"]
[Result "1/2-1/2"]
[WhiteElo "2286"]
[BlackElo "2436"]
[PlyCount "78"]
[EventDate "2017.??.??"]

1. Nf3 Nf6 2. d4 d5 3. g3 g6 4. Bg2 Bg7 5. c4 O-O 6. Nc3 Nbd7 7. O-O e5 8. e3
Re8 9. b3 c6 10. Bb2 h6 11. Qc2 exd4 12. Nxd4 Nc5 13. Rad1 a5 14. Rd2 Qb6 15.
Ba3 Bf8 16. Rfd1 Bg4 17. Re1 Rad8 18. h3 Bc8 19. g4 h5 20. g5 Nh7 21. h4 Bg7
22. Nce2 Nf8 23. Bb2 a4 24. Bc3 axb3 25. axb3 Nfd7 26. Ra1 Na6 27. Ba5 Qc5 28.
Bxd8 Nb4 29. Qd1 Rxd8 30. Ra4 Re8 31. Nc2 Nxc2 32. Qxc2 Nb6 33. Ra2 Bf5 34. e4
Bg4 35. Nc1 Nd7 36. Nd3 Qd4 37. Ne1 Qc5 38. Nd3 Qd4 39. Ne1 Qc5 1/2-1/2

[Event "2.BLW 1617 Hansa Dortmund - SV Würselen"]
[Site "?"]
[Date "2017.04.23"]
[Round "8.5"]
[White "Hovhannisyan, Mher"]
[Black "Kotter, Ralf"]
[Result "1-0"]
[WhiteElo "2451"]
[BlackElo "2379"]
[PlyCount "63"]
[EventDate "2017.??.??"]

1. Nf3 d5 2. g3 Nf6 3. Bg2 c6 4. O-O Bg4 5. d3 Nbd7 6. h3 Bxf3 7. Bxf3 e6 8.
Bg2 Bd6 9. e4 O-O 10. f4 dxe4 11. dxe4 Bc5+ 12. Kh2 e5 13. f5 Qb6 14. Nd2 Rad8
15. g4 h6 16. h4 Nh7 17. Qf3 Qa6 18. Nb3 Be7 19. Qg3 Nhf6 20. Qf3 Ne8 21. Qg3
Ndf6 22. g5 hxg5 23. Bxg5 Kh8 24. Bf3 Qc4 25. Qg2 Rd7 26. Rae1 a5 27. Qe2 Qxe2+
28. Rxe2 a4 29. Na5 Bd8 30. Nc4 Bc7 31. Bc1 Rd8 32. Rd2 1-0

[Event "2.BLW 1617 Hansa Dortmund - SV Würselen"]
[Site "?"]
[Date "2017.04.23"]
[Round "8.6"]
[White "Sundorf, Jannik"]
[Black "Cekro, Ekrem"]
[Result "1/2-1/2"]
[WhiteElo "2186"]
[BlackElo "2396"]
[PlyCount "105"]
[EventDate "2017.??.??"]

1. d4 Nf6 2. c4 e6 3. g3 d5 4. Bg2 Nbd7 5. Nf3 Bb4+ 6. Bd2 Be7 7. Qc2 O-O 8.
O-O Ne4 9. Rd1 c6 10. b3 f5 11. Nc3 Qe8 12. Na4 Bf6 13. Nb2 g5 14. Nd3 Qg6 15.
cxd5 Nxd2 16. Rxd2 exd5 17. b4 a6 18. a4 Qg7 19. e3 g4 20. Nfe1 Nb6 21. Rdd1
Nc4 22. Nf4 Qf7 23. b5 axb5 24. axb5 Bd7 25. bxc6 bxc6 26. Ned3 Rfe8 27. Rxa8
Rxa8 28. Nb4 Ra5 29. Bf1 Be7 30. Nbd3 Bd6 31. Qc3 Ra3 32. Qe1 Be8 33. Ra1 Qa7
34. Rxa3 Qxa3 35. Bg2 Bf7 36. h3 h5 37. h4 Qa2 38. Nb4 Qa5 39. Nfd3 Qb6 40. Kh2
Kg7 41. Qc3 Kg8 42. Qb3 Qb5 43. Qc3 Qa5 44. Qe1 Qb6 45. Nc2 Qb5 46. Bf1 Qa4 47.
Qc3 Qa2 48. Bg2 Qa7 49. Nb2 Qb6 50. Nd3 Qa7 51. Nb2 Qb6 52. Nd3 Qa7 53. Nb2
1/2-1/2

[Event "2.BLW 1617 Hansa Dortmund - SV Würselen"]
[Site "?"]
[Date "2017.04.23"]
[Round "8.7"]
[White "Docx, Stefan"]
[Black "Berndt, Joachim"]
[Result "1-0"]
[WhiteElo "2423"]
[BlackElo "2105"]
[PlyCount "71"]
[EventDate "2017.??.??"]

1. c4 d6 2. Nc3 Nf6 3. d4 Nbd7 4. Nf3 e5 5. Bg5 Be7 6. e3 c6 7. Be2 h6 8. Bh4
O-O 9. O-O Re8 10. Qc2 Nh5 11. Bxe7 Qxe7 12. Nxe5 dxe5 13. Bxh5 Qh4 14. Qd1
exd4 15. exd4 Nf6 16. Bf3 Rd8 17. Ne2 Ng4 18. Bxg4 Bxg4 19. f3 Be6 20. b3 b5
21. cxb5 cxb5 22. Qd2 Rd6 23. Rac1 Rad8 24. Rc5 a6 25. Rfc1 Qf6 26. Rc6 Rxc6
27. Rxc6 Qf5 28. h3 a5 29. Qxa5 Re8 30. Qd2 b4 31. Rc5 Qb1+ 32. Rc1 Qf5 33. Kh2
Bd7 34. Ng3 Qb5 35. d5 Qb8 36. d6 1-0

[Event "2.BLW 1617 Hansa Dortmund - SV Würselen"]
[Site "?"]
[Date "2017.04.23"]
[Round "8.8"]
[White "Schiefelbusch, Dirk"]
[Black "Heinichen, Nils"]
[Result "1/2-1/2"]
[WhiteElo "2099"]
[BlackElo "2116"]
[PlyCount "124"]
[EventDate "2017.??.??"]

1. b4 e5 2. Bb2 d6 3. e3 Nf6 4. Nf3 g6 5. c4 Bg7 6. Be2 O-O 7. O-O Nc6 8. b5
Ne7 9. Nc3 c6 10. a4 e4 11. Nd4 Nf5 12. Nxf5 gxf5 13. d3 d5 14. Qb3 Be6 15.
Rfd1 Qb8 16. g3 Rd8 17. Rab1 Qc7 18. bxc6 bxc6 19. cxd5 Nxd5 20. Nxd5 Bxd5 21.
Qa3 exd3 22. Bxd3 Bf3 23. Rdc1 Bxb2 24. Rxb2 Qd7 25. Bf1 Qd5 26. Qc3 Rd6 27.
Rb4 Rad8 28. Rd4 Qe6 29. Rxd6 Qxd6 30. h4 Re8 31. Qa5 Qd7 32. Qc5 Be4 33. a5
Rb8 34. a6 Rb2 35. Qc3 Rd2 36. Qf6 Rd6 37. Qg5+ Rg6 38. Qf4 Rd6 39. Qe5 f6 40.
Qb2 Rd2 41. Qxf6 Rd1 42. Qa1 Rxc1 43. Qxc1 Bd5 44. Qc5 Qg7 45. Qd6 Qg4 46. Qb8+
Kf7 47. Qxa7+ Ke6 48. Bg2 Bxg2 49. Kxg2 Qe4+ 50. Kh2 Qf3 51. e4 f4 52. gxf4
Qxe4 53. Kh3 Qf3+ 54. Kh2 Qxf4+ 55. Kg1 Qg4+ 56. Kf1 Qd1+ 57. Kg2 Qg4+ 58. Kf1
Qd1+ 59. Kg2 Qg4+ 60. Kh2 Qf4+ 61. Kg1 Qg4+ 62. Kf1 Qd1+ 1/2-1/2

[Event "2.BLW 1617 SV Würselen - SG Bochum"]
[Site "?"]
[Date "2017.05.08"]
[Round "9.1"]
[White "Hendriks, Willy"]
[Black "Chatalbashev, Boris"]
[Result "1-0"]
[WhiteElo "2402"]
[BlackElo "2546"]
[PlyCount "147"]
[EventDate "2017.??.??"]

1. e4 g6 2. d4 Bg7 3. Nc3 d6 4. Bg5 c6 5. Qd2 b5 6. f4 b4 7. Nd1 Nf6 8. Nf2 O-O
9. Bd3 Ng4 10. Nf3 c5 11. O-O Nxf2 12. Qxf2 cxd4 13. Qh4 f6 14. f5 Ba6 15. Bd2
Bxd3 16. cxd3 Nc6 17. Qg3 Qe8 18. Rac1 Rc8 19. Rc4 gxf5 20. exf5 Kh8 21. Re1 d5
22. Rcc1 Qd7 23. Qh3 a5 24. Bf4 Ne5 25. Nxe5 fxe5 26. f6 Qxh3 27. fxg7+ Kxg7
28. Bxe5+ Kg6 29. gxh3 Rxc1 30. Rxc1 Rf3 31. Rd1 Re3 32. Bxd4 Re2 33. Rf1 e5
34. Bb6 a4 35. Rf2 Re1+ 36. Rf1 Re2 37. Rf2 Re1+ 38. Kg2 b3 39. axb3 axb3 40.
Bc7 d4 41. Bd8 Re3 42. Bf6 Re1 43. h4 h6 44. h3 Re3 45. Kf1 Kh5 46. Rf5+ Kg6
47. Rf2 Kh5 48. Kg2 Kg6 49. Bh8 Kh7 50. Rf8 Kg6 51. Rb8 Kf5 52. Rxb3 Kf4 53.
Rb5 Re2+ 54. Kf1 Kf3 55. Bxe5 Rd2 56. Ke1 Rxd3 57. Bg7 Ke4 58. Re5+ Kf4 59. Re2
h5 60. Bh6+ Kg3 61. Bg5 Rb3 62. Bf6 Kxh3 63. Rd2 Rf3 64. Bg5 Rb3 65. Ke2 Rb4
66. Kd3 Kg3 67. Ke4 Kg4 68. Kd5 d3 69. Kc5 Rb8 70. b4 Re8 71. Kd4 Rb8 72. Kc4
Rc8+ 73. Kxd3 Kf3 74. Rb2 1-0